Normal view MARC view
  • Superstring theories

Entry Topical Term

Number of records used in: 1

001 - CONTROL NUMBER

  • control field: 100829

003 - CONTROL NUMBER IDENTIFIER

  • control field: NUST

005 - DATE AND TIME OF LATEST TRANSACTION

  • control field: 20221019143903.0

008 - FIXED-LENGTH DATA ELEMENTS

  • fixed length control field: 221019|| aca||aabn | a|a d

040 ## - CATALOGING SOURCE

  • Original cataloging agency: NUST
  • Transcribing agency: NUST

150 ## - HEADING--TOPICAL TERM

  • Topical term or geographic name entry element: Superstring theories

670 ## - SOURCE DATA FOUND

  • Source citation: Work cat.: (NUST)0: Greene, B. (Brian), 1963- 100828, The elegant universe :, 2003
© 2023 Central Library, National University of Sciences and Technology. All Rights Reserved.